000 01192cam a22003134a 4500
001 11883737
003 OSt
005 20221024164431.0
008 000107s2000 ilu b 001 0ceng
010 _a 00020679
020 _a1581348134
040 _aDLC
_cDLC
_dDLC
042 _apcc
050 0 0 _aBR1700.2
_b.P56 2000
082 0 0 _a270/.092/2
_aB
_221
100 1 _aPiper, John,
_d1946-
245 1 4 _aThe legacy of sovereign joy :
_bGod's triumphant grace in the lives of Augustine, Luther, and Calvin /
_cJohn Piper.
260 _aWheaton, Ill. :
_bCrossway Books,
_c2000
300 _a158 p. ;
_c24 cm.
490 1 _aThe swans are not silent ;
_vv. 1
504 _aIncludes bibliographical references and indexes.
600 0 0 _aAugustine,
_cof Hippo, Saint,
_d354-430.
600 1 0 _aLuther, Martin,
_d1483-1546.
600 1 0 _aCalvin, Jean,
_d1509-1564.
800 1 _aPiper, John,
_d1946-
_tSwans are not silent ;
_vv. 1.
906 _a7
_bcbc
_corignew
_d1
_eocip
_f20
_gy-gencatlg
942 _2lcc
_cBK
999 _c19690
_d19689